Statistiques concernant Focus sur: Remus Lupin - Harry Potter

Cliquez ici pour prendre le quiz!

Statistiques générales

  • Ce quiz a été pris 1 125 fois
  • Le résultat moyen est 13 sur 17

Statistiques - réponses

Informations recherchéesRéponses% Correct
PatronusLoup
99%
EspèceLoup-Garou
99%
Ecole fréquentéePoudlard
99%
EpouseNymphadora Tonks
98%
Maison fréquentéeGryffondor
97%
Première apparitionHarry Potter et le prisonnier d'Azkaban
97%
Statut du sangSang-Mêlé
97%
Couleur des cheveuxBrun/Gris
95%
Profession (adulte)Professeur de défense contre les forces du mal
94%
Lieu de rencontre avec Harry PotterPoudlard Express
88%
FilsTed Lupin
86%
SurnomLunard
83%
Intérieur de la baguetteCrin de licorne
55%
Acteur l'interprétant dans les filmsDavid Thewlis
30%
PèreLyall Lupin
20%
MèreEspérance Howell
16%
Bois de la baguetteCyprès
15%

Distribution des résultats

Percentile par nombre de réponses

% des personnes avec chaque résultat

Votre développement - résultats

Vous n’avez pas pris ce quiz